000 00661nam a2200217 i 4500
001 95869
003 ES-MaACL
005 20230906181806.0
007 t|
008 050606s1982 xxu ||||1| eng d
100 1 _aMcInnis, Raymond G.
_979581
245 1 0 _aResearch guide for psychology /
_cRaymond G. McInnis.
250 _a[1ª ed.].
260 _aWestport :
_bGreenwood,
_c1982.
300 _aXXVI, 604 p. ;
_c24 cm.
490 1 _aSocial Sciences and Humanities ;
_v1
650 0 4 _aPsicología-
_xBibliografías.
_916541
830 0 _aSocial Sciences and Humanities ;
_v1
_9232218
852 _aES-MaACL
_jL-6889
_bR.106805
999 _c95869
_d95869